000 01019nam a22003135a 4500
001 17085650
003 OSt
005 20180116192411.0
008 111215s2012 inu 000 0 eng
010 _a 2011945578
020 _a9781118176504 (pbk : alk. paper)
020 _a1118176502 (pbk : alk. paper)
040 _aDLC
_cDLC
042 _apcc
082 _a741.2
100 1 _aXu, Nancy D.
_95858
245 1 0 _aDrawing in the digital age :
_ban observational method for artists and animators /
_cXu, Andrew Stokes & Ryan Johnson.
250 _a1st ed.
260 _aIndianapolis, IN :
_bWiley Pub., Inc.,
_c2012.
263 _a1202
300 _a200 p. :
_bill ;
_c23 cm.
650 _aDrawing
_xTechnique
_95859
650 _aDrawing materials
_95860
906 _a0
_bibc
_corignew
_d2
_eepcn
_f20
_gy-gencatlg
942 _2ddc
_cBK
999 _c353535
_d353535